[Event "ICS rated blitz match"]
[Site "204.178.125.65"]
[Date "1999.08.22"]
[Round "?"]
[White "Hossa"]
[Black "monkeys"]
[Result "1-0"]
[WhiteElo "2437"]
[BlackElo "2283"]
[Annotator "Fritz 5.32 (15s)"]
[PlyCount "66"]

1. d4 1... Nf6 {Opening = E70 - 4.e4 (d6 5.---)} 2. c4 g6 3. Nc3 c5 4. d5 Bg7
5. e4 O-O 6. Bg5 d6 7. Bd3 7... b5 $16 {
Nimzowitsch: Bauernketten von der Basis aufrollen} (7... e6 8. Qd2 (8. Nge2
exd5 9. Nxd5 Qa5+ 10. b4 Qd8 11. bxc5 Nc6 12. cxd6 Qxd6 13. c5 Qe5 14. f4 Qe6
15. Nc7 Qg4 16. O-O Rb8 17. e5 Ne8 18. h3 Qd7 19. Nxe8 Rxe8 20. Bb5 h6 21. Bh4
a6 22. Ba4 22... Qxd1 {Bisguier,A-Mednis,E/New York 1958/MCD/1-0 (88)}) 8...
exd5 9. Nxd5 Be6 10. Ne2 Bxd5 11. exd5 Nbd7 12. O-O Ne5 13. Nc3 13... h6 {
- Bisguier,A-Vadasz,L/Sombor 1974/MCD (13)}) (7... a6 8. f4 b5 9. Nf3 bxc4 10.
Bxc4 Bg4 11. O-O Nbd7 12. Qe1 h6 13. Bh4 Nb6 14. Nd2 Bc8 15. Rd1 Qc7 16. h3 e6
17. dxe6 Bxe6 18. Be2 d5 19. f5 gxf5 20. exf5 Bd7 21. Bg3 Qc8 22. Be5 {
Bisguier,A-Matanovic,A/Munich 1958/EXT 99/0-1 (72)}) (7... Na6 $5 $11 $142 {
ist zu ueberlegen}) 8. Nxb5 e6 9. Ne2 Qb6 10. Nec3 10... exd5 $2 $18 (10... a6
$142 11. Na4 Qa5+ 12. Bd2 12... Qd8 $16) 11. Bxf6 (11. cxd5 $6 11... a6 12. Na4
Qa5+ 13. Bd2 13... Qd8 $16) 11... Bxf6 12. Nxd5 Qd8 13. Nbc7 Bb7 14. Nxf6+ Qxf6
15. Qb3 Bc6 16. O-O Nd7 17. Nxa8 Rxa8 18. Qc2 Ne5 19. Rae1 Qh4 (19... Re8 20.
b3 $18) 20. f3 Rb8 21. Rd1 Bd7 22. Be2 Rb6 23. f4 Nc6 24. Rd2 Nd4 25. Qd3 f5
26. e5 (26. exf5 {ist genauer} 26... Bxf5 27. Qe3 27... Rb7 $18) 26... dxe5 27.
fxe5 (27. Qa3 Rd6 28. Qxc5 Nf3+ 29. Bxf3 Rxd2 30. Qxe5 h5 31. Bd5+ 31... Kh7
$18) 27... Re6 28. Qe3 (28. b4 Rxe5 29. bxc5 29... Bc6 $18) 28... Bc6 (28...
Qe7 $142 29. Bf3 Rxe5 30. Bd5+ 30... Kg7 $18) 29. Bd3 Qe7 30. Re1 g5 31. b4 f4
32. Qh3 32... Rxe5 $4 {der letzte Fehler.} (32... h6 $18) 33. Qxh7+ $1 {
weise Rueckgabe des Materials} 33... Qxh7 1-0

[Event "ICS rated blitz match"]
[Site "204.178.125.65"]
[Date "1999.08.22"]
[Round "?"]
[White "monkeys"]
[Black "Hossa"]
[Result "1-0"]
[WhiteElo "2279"]
[BlackElo "2446"]
[Annotator "Fritz 5.32 (15s)"]
[PlyCount "101"]

1. Nf3 (1. d4 d5 2. Nf3 c5 3. g3 cxd4 4. Bg2 Nf6 5. O-O h6 6. Nxd4 e5 7. Nf3
Nc6 8. c4 Be6 9. Qa4 Bd6 10. Nc3 O-O 11. cxd5 Nxd5 12. Nxd5 Bxd5 13. Rd1 Be6
14. Be3 Qe7 15. Nd2 15... Bc5 {Bator,R-Christensen,T/Copenhagen 1991/TD/ - (54)
}) 1... d6 {Opening = 3.g3} (1... d5 2. g3 c5 3. Bg2 g6 4. d4 cxd4 (4... Nf6 5.
O-O Bg7 6. c4 O-O 7. dxc5 dxc4 8. Nc3 Qa5 9. Qd4 Nc6 10. Qxc4 Be6 11. Qh4 Rad8
12. Ng5 Bc8 13. Nce4 h5 14. Nxf6+ Bxf6 15. e4 Ne5 16. h3 Kg7 17. a3 Qxc5 18.
Be3 Qb5 19. a4 {Stumpers,L-Donner,J/Amsterdam 1950/EXT 98/0-1 (30)}) (4... Bg7
5. O-O cxd4 6. Nxd4 a6 7. Nb3 e6 8. c4 d4 9. e3 dxe3 10. Qxd8+ Kxd8 11. fxe3
Ke8 12. N1d2 Nd7 13. c5 Bf8 14. Ne4 f5 15. Nd6+ Bxd6 16. cxd6 Ngf6 17. e4 Nxe4
18. Bxe4 fxe4 19. Rf4 {Barcza,G-Keres,P/Budapest 1955/MCD/ - (69)}) 5. Nxd4 Bg7
6. Nb3 e6 7. O-O Nc6 8. e4 Nge7 9. exd5 exd5 10. c3 O-O 11. Re1 b6 12. Na3 Ba6
13. Nc2 Qd7 14. Nbd4 Rfe8 15. Bg5 Ne5 16. Nb4 {
Romanishin,O-Vaganian,R/Lvov 1978/MCL/1-0 (51)}) 2. d4 d5 3. g3 c5 4. Bg2 cxd4
5. Nxd4 e5 6. Nf3 Nc6 7. O-O Be7 8. b3 Nf6 9. Bb2 Bd6 10. Nbd2 O-O 11. c4 11...
d4 {Schwarz engt den Gegner ein} 12. Ng5 Ng4 13. Nge4 $15 (13. Ngf3 13... f5
$11) 13... Be7 14. h3 f5 15. hxg4 fxe4 16. Nxe4 {Der Springer ist gut postiert}
16... Bxg4 17. a3 {Deckt b4} 17... Qc8 18. Qd3 Bh3 19. b4 Bxg2 (19... a6 20.
Rad1 $11) 20. Kxg2 Qg4 21. f3 Qc8 22. Rh1 22... a5 $2 $18 (22... h6 $14 $142 {
sieht noch spielbar aus}) 23. b5 Na7 (23... Nd8 24. Rxh7 $1 {
das war die Absicht} 24... Qe6 25. Rah1 $18) 24. Rh5 $16 (24. Rxh7 $1 $142
24... Qe6 25. Rah1 $18) 24... Qe6 25. Rxh7 Rac8 (25... Kxh7 $4 {
Schwarz ist zu gefraessig} 26. Nf6+ Kh6 27. Qh7+ Kg5 28. Ne4#) 26. Rah1 26...
Rxc4 $4 {auch bessere Zuege haetten die Partie nicht gerettet.} (26... Rfe8 27.
R1h5 27... Red8 $18) 27. Nc5 $3 {
ein kraftvolles Opfer, das die Partie entscheidet. Droht Matt} 27... Rxc5 (
27... Bxc5 $4 {der Springer ist tabu} 28. Rxg7+ $3 {eine logische Fortsetzung}
28... Kxg7 29. Qh7+ Kf6 30. Rh6+ Kg5 31. Qg7+ Qg6 32. Qxg6#) 28. Rxg7+ $3 {
dieses energische Opfer ist entscheidend} 28... Kxg7 29. Qh7+ Kf6 30. Rh6+
30... Kg5 {Wenn Schwarz jetzt zu Qxh6 kaeme...} 31. Rxe6 (31. Qg7+ Qg6 32.
Qxg6#) 31... Bf6 {Droht Rc3} 32. f4+ $18 (32. Bxd4 Rc4 33. f4+ exf4 34. gxf4+
Kxf4 35. Re4+ Kg5 36. Be3#) 32... exf4 33. gxf4+ Kxf4 34. Qe4+ (34. Kh3 Be5 35.
Qh6+ Ke4 36. Qxf8 Rc3+ 37. Bxc3 $18) 34... Kg5 35. Bxd4 {
Mit der Mattdrohung Be3} 35... Rf5 36. Be3+ Kg6 37. Qg4+ Kf7 38. Qxf5 {
Droht Matt: Rxf6} (38. Bxa7 Rg8 (38... Kxe6 $4 {zu gefraessig} 39. e4 Be5 40.
a4 $18) 39. Qxg8+ 39... Kxg8 $16) 38... Rg8+ 39. Kf3 {Es droht Matt} 39... Rg6
40. Bd4 {Droht Matt} 40... b6 (40... Nc8 {aendert nichts am Ausgang der Partie}
41. Bxf6 Rg3+ 42. Kxg3 Nd6 43. Re7+ Kf8 44. Qg6 Nf5+ 45. Qxf5 a4 46. Qc8#) 41.
Rxf6+ (41. Bxf6 Rg3+ 42. Kxg3 Nc8 43. Be5+ Kg8 44. Re8#) 41... Rxf6 42. Bxf6 (
42. Qxf6+ Ke8 43. Qe6+ Kf8 44. Be3 Kg7 45. Bh6+ Kh7 46. Qf6 Nxb5 47. Qg7#)
42... Nxb5 43. Bg5+ (43. Bh4+ Kg7 44. Qg5+ Kf7 45. Qe7+ Kg6 46. Qf6+ Kh7 47.
Qf7+ Kh6 48. Kf4 Nxa3 49. Bg5#) 43... Kg7 (43... Ke8 {nuetzt auch nichts mehr}
44. Qe6+ Kf8 45. Bh6#) 44. Qf6+ Kg8 45. Qe6+ Kg7 46. Qf6+ $11 (46. Qe7+ Kg8 47.
Bf6 Nd4+ 48. Bxd4 b5 49. Qg7#) 46... Kg8 47. Bh6 Nd4+ 48. Ke4 Ne6 49. Qxe6+ Kh8
(49... Kh7 {hilft auch nicht mehr} 50. Qf6 b5 51. Qg7#) 50. Qf6+ Kh7 (50... Kg8
{holt die Kuh nicht vom Eis} 51. Qg7#) 51. Qg7# 1-0

[Event "ICS rated blitz match"]
[Site "204.178.125.65"]
[Date "1999.08.22"]
[Round "?"]
[White "Hossa"]
[Black "jafl69"]
[Result "1-0"]
[WhiteElo "2423"]
[BlackElo "2185"]
[Annotator "Fritz 5.32 (30s)"]
[PlyCount "75"]

1. e4 1... c6 {Opening = 3.e5 ---} 2. d4 d5 3. e5 Bf5 4. Nf3 e6 5. Be2 c5 6.
O-O Nc6 7. c3 h6 (7... a6 8. Be3 c4 9. b3 b5 10. a4 Bxb1 11. Qxb1 Nge7 12. axb5
axb5 13. Rxa8 Qxa8 14. Qb2 Nc8 15. bxc4 bxc4 16. Ra1 N8a7 17. Bxc4 dxc4 18. d5
exd5 19. Bxa7 Nxa7 20. Qb6 Qd8 21. Qxd8+ Kxd8 22. Rxa7 {
Zeller,F-Gabriel,R/OLWuert 1993/GER/1-0 (34)}) 8. Qb3 $146 (8. Be3 cxd4 9. cxd4
Nge7 10. Nc3 Nc8 11. Rc1 a6 12. Na4 Nb6 13. Nc5 Bxc5 14. Rxc5 O-O 15. Qb3 Nd7
16. Rc3 Qb6 17. Rfc1 Qxb3 18. Rxb3 Rfb8 19. Nd2 Kf8 20. h4 Ke8 21. g4 Bh7 22.
h5 22... Nd8 {Short,N-Seirawan,Y/Manila 1990/CBM 19/[Short]/1-0 (33)}) (8. b3
cxd4 9. cxd4 Qa5 10. Bb2 Nge7 11. Na3 Nc8 12. Nc2 Bg6 13. a3 Be7 14. Ne3 a6 15.
Ne1 b5 16. f4 Be4 17. Bf3 Bxf3 18. Rxf3 g6 19. Qd3 Qb6 20. Kh1 Qb7 21. Rf2 Nb6
22. g4 O-O-O 23. f5 gxf5 24. gxf5 Bg5 25. N1g2 Kb8 26. fxe6 fxe6 27. Qg6 Rde8
28. Rf7 Re7 29. Raf1 Nd8 30. Rf8 Rxf8 31. Rxf8 Qd7 32. h4 Rg7 33. Qe8 Be7 34.
Qxd7 Nxd7 35. Rh8 Bf8 36. Nf4 Nf7 37. Nxe6 Nxh8 38. Nxg7 Bxg7 39. Nxd5 Ng6 40.
h5 40... Ngxe5 {- Maes,W-Vanderstricht,G/BEL 1992/TD (40)}) (8. Qa4 a6 9. dxc5
Bxc5 10. b4 Bb6 11. Nd4 Nge7 12. Be3 O-O 13. f4 Nxd4 14. cxd4 Bxb1 15. Raxb1
Nf5 16. Bf2 Bxd4 17. Bxd4 Nxd4 18. Bd3 Qb6 19. Kh1 Rfc8 20. Qd1 Rc3 21. a4 Rac8
22. a5 22... Qa7 {Rasch,H-Schmitzer,K/Hessen-ch 1992/GER/ - (50)}) 8... Qb6 9.
Be3 Qxb3 10. axb3 cxd4 11. Nxd4 Nxd4 12. Bxd4 {
Der Laeufer ist wirkungsvoll plaziert} 12... Ne7 $14 (12... a6 13. Bb5+ Kd8 14.
c4 $11) 13. Rxa7 (13. Na3 Nc6 14. Nb5 Kd7 15. Nxa7 Nxd4 16. cxd4 16... Be7 $16)
13... Rxa7 14. Bb5+ Nc6 15. Bxa7 Be7 16. Bb6 O-O 17. f4 Rc8 18. Na3 g5 19. g3
gxf4 20. gxf4 Kh7 21. Kf2 21... Be4 {Der Laeufer ist hier stark postiert} 22.
Rg1 22... d4 $2 $18 (22... Ra8 $5 $16 $142) 23. Bxc6 $16 (23. Nc4 $5 $18 $142)
23... Rxc6 $18 (23... bxc6 $5 24. Bxd4 24... c5 $16) 24. Bxd4 Bh4+ (24... Bd5
25. b4 $18) 25. Ke3 Ra6 (25... Bg6 $18) 26. Kxe4 Be7 27. Nc4 b5 (27... Ra2 {
nuetzt auch nichts mehr} 28. b4 $18) 28. Ne3 (28. Nd6 {
laesst dem Gegner kaum Chancen} 28... Bxd6 29. exd6 Rxd6 30. Rg7+ 30... Kh8 $18
) 28... Ra2 29. c4 bxc4 30. bxc4 {Der Freibauer c4 ist ein wichtiges Motiv}
30... Ra5 31. Rd1 (31. f5 $5 {waere im Gewinnsinne praeziser} 31... Ra4 $18)
31... Ra8 32. c5 Rc8 (32... Kg8 {
kann das Vorangegangene nicht ungeschehen machen} 33. b4 Ra4 34. c6 $18) 33. b4
Rb8 34. Bc3 (34. c6 {ginge schneller} 34... Bxb4 35. c7 35... Rc8 $18) 34...
Kg8 35. Rd7 Kf8 36. c6 Bxb4 (36... Ke8 {haette noch versucht werden koennen}
37. Nc4 $1 {triumphiert} 37... Bxb4 $18) 37. c7 {Mit der Mattdrohung cxb8Q}
37... Re8 {Wenn Schwarz nun zu Be7 kommt, geht es ihm besser} 38. Bxb4+ (38.
Bxb4+ Kg7 39. Rd8 Kg6 40. Rxe8 Kg7 41. c8=Q Kg6 42. Rg8+ Kh5 43. Rg4 f5+ 44.
exf6 e5 45. Qf5#) 1-0

[Event "ICS rated blitz match"]
[Site "204.178.125.65"]
[Date "1999.08.22"]
[Round "?"]
[White "Hossa"]
[Black "blunite"]
[Result "1-0"]
[WhiteElo "2425"]
[BlackElo "2257"]
[Annotator "Fritz 5.32 (30s)"]
[PlyCount "67"]

1. d4 1... Nf6 {Opening = E31 - 4.Bg5 h6 5.Bh4 c5 6.d5 d6} 2. c4 e6 3. Nc3 Bb4
4. Bg5 c5 5. d5 h6 6. Bh4 exd5 7. cxd5 d6 8. e3 8... Bxc3+ $146 (8... O-O 9.
Bd3 g5 (9... Re8 10. Nge2 Nbd7 11. O-O a6 (11... Ne5 12. e4 Ng6 13. Bg3 Nh5 14.
Qc2 Nxg3 15. hxg3 Ne5 16. Nd1 Bd7 17. Ne3 b5 18. b3 Rc8 19. a3 c4 20. bxc4 Bc5
21. Qd2 bxc4 22. Nxc4 Nxc4 23. Bxc4 Rxe4 24. Ba6 Rb8 25. Rfb1 Rb6 26. Bd3 Re5
27. Nc3 Qg5 28. Qxg5 hxg5 29. Rxb6 axb6 30. Bc4 f5 31. Kf1 Kf7 32. Ra2 Kf6 33.
Re2 Rxe2 34. Kxe2 Bxa3 35. f4 Be8 36. Nb5 Bh5+ 37. Kf1 Bc5 38. Bd3 Bd1 39. Bc4
gxf4 40. gxf4 g5 41. g3 gxf4 42. gxf4 Bf3 43. Ke1 Kg6 44. Kd2 Kh5 45. Nc7 Kg4
46. Ne6 {Kogan,I-Siniavsky,A/Riga 1975/MCD/0-1 (58)}) 12. a4 Ne5 13. Ne4 g5 14.
Nxg5 hxg5 15. Bxg5 Nxd3 16. Qxd3 Kg7 17. Ng3 Qd7 18. e4 Qg4 19. f4 Nh5 20. h3
Qxg3 21. Rf3 Nxf4 22. Bxf4 Qh4 23. Raf1 f6 24. Rg3+ Kh8 25. Rg6 c4 26. Qf3 Bc5+
27. Kh1 Bg4 28. Rxg4 Qh7 29. Be5 {
1-0 Brond,V-Gershman,J/Mar del Plata 1967/MCD (29)}) 10. Bg3 Nxd5 11. Nge2 Qf6
12. O-O Bxc3 13. bxc3 Bg4 14. Qd2 Bxe2 15. Bxe2 Nxc3 16. Bf3 Nc6 17. Rfc1 Na4
18. Rab1 Ne5 19. Bxb7 Rab8 20. Bxe5 Qxe5 21. Qa5 Nb6 22. Qxa7 Nd5 23. Qa3 {
Rogozenko,D-Tolnai,T/Debrecen 1992/EU-chT/0-1 (57)}) (8... g5 9. Bg3 Ne4 10.
Qc2 Qe7 11. Bd3 Bxc3+ 12. bxc3 Nxg3 13. hxg3 Nd7 14. Rb1 Ne5 15. c4 Qf6 16. Ne2
Ng4 17. Nc3 h5 18. Ne4 Qe7 19. Qc3 Ne5 20. Be2 b6 21. f4 gxf4 22. exf4 Ng6 23.
Nf6+ Kd8 24. Kd2 h4 25. Rbe1 Qf8 26. Bd3 Qg7 27. Bxg6 Qxg6 28. Re2 Rh6 29. Re8+
Kc7 30. Ng8 Rh7 31. Rhe1 f5 32. R1e7+ Rxe7 33. Rxe7+ Bd7 34. Rg7 Rxg8 35. Rxg6
Rxg6 36. gxh4 Rxg2+ 37. Ke1 Rg1+ 38. Kf2 Rg4 39. h5 Rxf4+ 40. Kg3 Rg4+ 41. Kf3
Rh4 42. Qh8 b5 43. cxb5 Rh3+ 44. Kf4 Rh4+ 45. Kg5 Rg4+ 46. Kf6 f4 47. Qa8 {
1-0 Timman,J-Lobron,E/Amsterdam 1983/MCD (47)}) (8... Bf5 9. Bb5+ Nbd7 10. Nge2
a6 11. Bxd7+ Bxd7 12. O-O Qe7 13. Bxf6 Qxf6 14. Qd3 Bxc3 15. Nxc3 O-O 16. a4
Rfe8 17. Rad1 Rab8 18. Ra1 Re5 19. f4 Re7 20. Rfe1 Rbe8 21. b3 Bg4 22. Kf2 Bf5
23. Qd1 {Smeele,P-Delforge,G/Viborg 1996/CBM 55 ext/0-1 (39)}) 9. bxc3 O-O 10.
Bd3 Nbd7 11. Ne2 Ne5 12. e4 Ng6 13. Bxf6 Qxf6 14. O-O Nf4 15. c4 Bd7 16. Rb1 b6
17. Nxf4 Qxf4 18. Re1 Qe5 19. Qf3 Rae8 20. Qe3 g5 21. Rb3 Re7 22. Ra3 Bc8 23.
Ra4 f6 24. a3 $2 $19 (24. Bb1 $11 $142 {und Weiss spielt mit}) 24... Rg7 $15 (
24... a5 $5 $19 $142) 25. Qf3 $19 (25. Rb1 $5 $15 $142 {ist interessant}) 25...
Qe8 26. Bc2 26... h5 $11 (26... a5 $17 $142) 27. Bb3 $17 (27. Qb3 $11 $142 {
sieht noch spielbar aus}) 27... h4 28. Re2 $19 (28. Qd3 $5 $17) 28... Qe5 $17 (
28... a5 $5 29. Qd3 $19) 29. Re3 29... Rff7 $15 (29... a5 $5 $19 $142) 30. Bd1
30... Rg6 $11 (30... Qe8 $5 $17 $142) 31. Qh5 31... Rfg7 $16 (31... Kg7 32. Qe2
32... a5 $17) 32. Rxa7 32... g4 $2 $18 (32... Rxa7 $142 {ist noch spielbar} 33.
Qxg6+ 33... Rg7 $14) 33. Qxe5 $1 {huebsch} 33... fxe5 34. Ra8 (34. Ra8 Rc7 35.
Rb3 $18) 1-0

[Event "ICS Rated blitz match"]
[Site "204.178.125.65"]
[Date "1999.08.22"]
[Round "?"]
[White "jafl69"]
[Black "Hossa"]
[Result "0-1"]
[WhiteElo "2139"]
[BlackElo "2434"]
[Annotator "Fritz 5.32 (30s)"]
[PlyCount "54"]

1. e4 1... e5 {Opening = C70 - 4.Ba4 ---} 2. Nf3 Nc6 3. Bb5 a6 4. Ba4 b5 5. Bb3
Bb7 6. d3 Nf6 7. c3 (7. Nc3 Be7 8. Nd5 Na5 9. Nxe7 Qxe7 10. O-O O-O 11. Nh4
Nxb3 12. Nf5 Qe6 13. axb3 d5 14. f3 Ne8 15. Qe1 Nd6 16. g4 Kh8 17. Qh4 f6 18.
Ne3 a5 19. Bd2 b4 20. Ra2 Rfd8 21. Qf2 21... dxe4 {
Mrva,M-Malaniuk,V/Pardubice 1997/CBM 59 ext/1-0 (46)}) (7. Ng5 d5 8. exd5 Nd4
9. c4 Nxb3 10. axb3 h6 11. Nf3 Bd6 12. O-O O-O 13. d4 e4 14. Ne5 Re8 15. Bf4
Nd7 16. Qh5 Qf6 17. Nxd7 Qxf4 18. g3 Qg5 19. Qxg5 hxg5 20. Nc5 Bxc5 21. dxc5 e3
22. c6 Bc8 23. Nc3 b4 24. Nb5 Re7 25. fxe3 Rb8 26. Nd4 Rxe3 27. Rae1 Rxe1 28.
Rxe1 Kf8 29. c5 Bg4 30. d6 Rd8 31. d7 Bh3 32. Nc2 a5 33. Nd4 Rb8 34. Nb5 {
1-0 Tchouroun,P-Coimbra,M/Murek 1998/CBM 65 ext (34)}) 7... d5 8. O-O $11 (8.
exd5 Nxd5 9. Qe2 9... Be7 $14) 8... Bc5 $14 (8... dxe4 9. Ng5 Qxd3 10. Bxf7+
Kd8 11. Nxe4 Qxd1 12. Rxd1+ Ke7 13. Bd5 $11) 9. exd5 Nxd5 10. d4 $11 (10. Nxe5
Nxe5 11. d4 11... O-O $14) 10... exd4 11. Re1+ 11... Nde7 $2 $18 (11... Be7 $11
$142 {ist noch spielbar}) 12. Bg5 $4 $11 {wirft den Vorteil weg} (12. Ng5 $142
{und aller Vorteil laege nun bei Weiss} 12... Rf8 13. Qh5 $18) 12... dxc3 13.
Nxc3 O-O 14. Qc2 Nb4 15. Qe2 Nbc6 16. Rad1 Qe8 17. a3 {Kontrolliert b4} 17...
Rb8 $16 (17... Qc8 $5 $11 $142 {muss beachtet werden}) 18. Bc2 $11 (18. Qc2 $5
$142 18... Rd8 19. Nd5 $16) 18... Rd8 19. Ne4 $15 (19. Rxd8 $5 19... Qxd8 20.
b4 $11) 19... Nd4 $16 (19... Rxd1 $142 {damit waere Schwarz im Spiel geblieben}
20. Rxd1 20... Bb6 $15) 20. Nxd4 20... Bxd4 {
Schwarz fuehrt die Partie kraftvoll zu Ende} 21. Qh5 $11 (21. Rxd4 $5 $142
21... Rxd4 22. Nc5 $16) 21... Bxe4 (21... Bxb2 $4 {
der Bauer ist nicht zu nehmen} 22. Nf6+ $3 {
dieses energische Opfer ist entscheidend} 22... Bxf6 23. Qxh7#) 22. Rxe4 $15 (
22. Bxe4 $5 {ist die kritische Fortsetzung} 22... g6 23. Qf3 $11) 22... f6 23.
Bb3+ Kh8 24. Qxh7+ $4 $19 {fuehrt zu weiterem Ungemach} (24. Qe2 $142 24...
fxg5 25. Rdxd4 Rxd4 26. Rxd4 $15) 24... Kxh7 25. Rdxd4 (25. Bc1 {
aendert den traurigen Lauf der Dinge nicht} 25... Bc5 26. Rh4+ Kg6 27. Rg4+ Kh5
28. Rxd8 Qxd8 29. Rxg7 Qd4 30. g4+ Kh4 31. Rh7+ Kxg4 32. Rg7+ Kf5 33. Bc2+
33... Ke6 $19) 25... Rxd4 $1 {entscheidend} 26. Rxd4 26... Nf5 {Es droht Matt}
27. Rd1 fxg5 (27... fxg5 28. Bd5 28... Qe2 $19) 0-1

[Event "ICS rated blitz match"]
[Site "204.178.125.65"]
[Date "1999.08.22"]
[Round "?"]
[White "Hossa"]
[Black "Talmoves"]
[Result "0-1"]
[WhiteElo "2435"]
[BlackElo "2513"]
[Annotator "Fritz 5.32 (30s)"]
[PlyCount "164"]

1. d4 1... Nf6 {Opening = 2.Bg5} 2. Bg5 Ne4 3. Bf4 c5 4. f3 Qa5+ 5. c3 Nf6 6.
Kf2 $146 (6. e4 cxd4 7. Qxd4 Nc6 8. Qf2 d5 9. Nd2 e5 10. Nb3 Qc7 11. Bg5 Be6
12. Bxf6 gxf6 13. exd5 Bxd5 14. Bd3 O-O-O 15. Bf5+ Kb8 16. Ne2 Na5 17. Nxa5
Qxa5 18. Qh4 Qb6 19. b4 Be7 20. Qf2 20... Qa6 {
Kill,A-Kreul,H/NRW-II 1990/EXT 97-B/0-1 (39)}) (6. dxc5 Qxc5 7. e4 g6 (7... d6
8. Nd2 g6 9. Qb3 Bg7 10. Qb5+ Qc6 11. Bc4 O-O 12. Qxc6 bxc6 13. Ne2 e5 14. Be3
Nbd7 15. Rd1 Nb6 16. Bb3 d5 17. exd5 cxd5 18. Ng3 Ba6 19. Bxb6 axb6 20. Ndf1
Rfd8 21. Ne3 Bb7 22. Kf2 {Pojer,H-Zumtobel,T/Koestendorf 1998/EXT 99/0-1 (44)})
8. Qd2 d6 9. Na3 a6 10. Nc4 Nbd7 11. a4 b6 12. a5 b5 13. Be3 Qc6 14. Nb6 Nxb6
15. Bxb6 Bg7 16. Bd3 O-O 17. Ne2 e5 18. O-O Be6 19. Rfd1 Nd7 20. Bf2 20... Nc5
{Puranen,J-Hebden,M/Bratislava 1996/CBM 55/0-1 (71)}) 6... cxd4 7. cxd4 Nc6 8.
e3 g5 9. Bg3 d6 10. Nc3 Be6 11. Bb5 a6 12. Bxc6+ bxc6 13. e4 Rb8 14. Qc1 h5 15.
e5 h4 16. exf6 hxg3+ 17. Kxg3 Qf5 18. Ne4 Bd5 19. fxe7 Bxe7 20. Qe3 Qf4+ 21.
Qxf4 gxf4+ 22. Kxf4 Rxb2 23. Re1 Rxg2 24. Nf6+ Kd8 25. Nxd5 Bg5+ 26. Kf5 Bh4
27. Ne3 Rg5+ 28. Kf4 Bxe1 29. Kxg5 Bd2 30. f4 Bxe3 31. Nf3 f6+ 32. Kf5 Rh3 33.
Kg4 Rh8 34. Re1 f5+ 35. Kxf5 Rf8+ 36. Ke6 Bxf4 37. Rb1 Kc7 38. Ke7 Rh8 39. h4
Bg3 40. Rh1 Bf2 41. Rh2 Be3 42. Re2 Bf4 43. Kf6 Bc1 44. Re7+ Kd8 45. Ra7 Rf8+
46. Rf7 Rh8 47. Ke6 Rh6+ 48. Rf6 Rxf6+ 49. Kxf6 Kc7 50. h5 Kb6 51. Kg6 Kb5 52.
h6 Bxh6 53. Kxh6 Kb4 54. Nd2 c5 55. Nb3 c4 56. Nd2 Kc3 57. Ne4+ Kxd4 58. Nd2 d5
59. Kg5 Ke3 60. Nb1 Kd3 61. Kf4 Kc2 62. a4 Kxb1 63. Kf3 c3 64. Kf4 c2 65. Ke5
c1=Q 66. Kf5 Qe3 67. Kg6 Kc2 68. a5 Qe6+ 69. Kg5 Qe5+ 70. Kg6 Qe8+ 71. Kf5 Qe4+
72. Kf6 Qf4+ 73. Ke7 d4 74. Ke6 Qc7 75. Kf5 Qh7+ 76. Ke5 Qh8+ 77. Ke6 Qg8+ 78.
Ke5 d3 79. Kd4 Qg5 80. Kc4 Qe5 81. Kb4 Qc3+ 82. Ka4 Qb3# 0-1

[Event "ICS rated blitz match"]
[Site "204.178.125.65"]
[Date "1999.08.22"]
[Round "?"]
[White "Talmoves"]
[Black "Hossa"]
[Result "1-0"]
[WhiteElo "2525"]
[BlackElo "2423"]
[PlyCount "129"]

1. c4 e6 2. d4 d5 3. Nc3 Bb4 4. Nf3 dxc4 5. e3 b5 6. a4 c6 7. Ne5 Qc7 8. Bd2
Nd7 9. axb5 Nxe5 10. dxe5 Bxc3 11. Bxc3 cxb5 12. Qg4 Kf8 13. Bb4+ Ne7 14. Bd6
Qd7 15. Be2 Kg8 16. O-O Bb7 17. Rfd1 Nf5 18. Bb4 Qc6 19. Rxa7 Qb6 20. Rxa8+
Bxa8 21. Qg5 h6 22. Qd8+ Qxd8 23. Rxd8+ Kh7 24. Rd7 Kg6 25. g4 Nh4 26. f4 Be4
27. Kf2 Ra8 28. Kg3 Ng2 29. Bf3 Bxf3 30. Kxf3 Ra2 31. Bc3 b4 32. Bxb4 Rxb2 33.
Bd2 Kh7 34. f5 exf5 35. gxf5 Nh4+ 36. Kg4 Ng2 37. e4 c3 38. Bxc3 Rb3 39. Bd4
Ne3+ 40. Bxe3 Rxe3 41. Kf4 Rh3 42. Rxf7 Rxh2 43. e6 Kg8 44. Rd7 Kf8 45. Ke5 Rb2
46. Rf7+ Kg8 47. Ra7 Kf8 48. Rc7 Rb1 49. Rf7+ Kg8 50. Rd7 Rb5+ 51. Kd6 Rb8 52.
Ke7 Rb5 53. Rd8+ Kh7 54. Kf7 Rb6 55. Rg8 Rb7+ 56. e7 Rxe7+ 57. Kxe7 Kxg8 58. e5
Kh7 59. Kf7 h5 60. e6 Kh6 61. e7 h4 62. e8=Q g6 63. Kf6 Kh7 64. Qxg6+ Kh8 65.
Qg7# {Hossa checkmated} 1-0

[Event "ICS Rated blitz match"]
[Site "204.178.125.65"]
[Date "1999.08.23"]
[Round "?"]
[White "Hossa"]
[Black "JudgeTurpin"]
[Result "0-1"]
[WhiteElo "2430"]
[BlackElo "2599"]
[PlyCount "79"]

1. d4 Nf6 2. c4 e6 3. Nc3 Bb4 4. Bg5 c5 5. d5 h6 6. Bh4 d6 7. e3 Bxc3+ 8. bxc3
e5 9. Bd3 e4 10. Bc2 Qe7 11. Ne2 g5 12. Bg3 Bg4 13. Rb1 Qc7 14. O-O h5 15. f3
exf3 16. gxf3 Bh3 17. Re1 Nbd7 18. Kh1 h4 19. Bf2 Ne5 20. Ng1 Bd7 21. Qe2 Nh5
22. Kg2 b6 23. f4 gxf4 24. Bxh4 f6 25. Bd1 fxe3 26. Qxe3 O-O-O 27. Be2 Bf5 28.
Rb5 Qg7+ 29. Kh1 Rdg8 30. Bf3 Nxf3 31. Qxf3 Nf4 32. Bg3 Qxg3 33. Re8+ Kd7 34.
Qxg3 Rxg3 35. Re6 Nxe6 36. dxe6+ Kxe6 37. h3 Be4+ 38. Kh2 Rg2+ 39. Kh1 Rhg8 40.
h4 {Hossa resigns} 0-1

[Event "ICS Rated blitz match"]
[Site "204.178.125.65"]
[Date "1999.08.23"]
[Round "?"]
[White "JudgeTurpin"]
[Black "Hossa"]
[Result "1-0"]
[WhiteElo "2608"]
[BlackElo "2421"]
[PlyCount "173"]

1. Nf3 b6 2. g3 Bb7 3. Bg2 e6 4. O-O d5 5. d4 Be7 6. Nc3 Nf6 7. Bf4 O-O 8. Nb5
Ne8 9. Qd2 c5 10. dxc5 bxc5 11. b3 f6 12. Nh4 e5 13. Be3 f5 14. Nf3 d4 15. Bg5
Bxg5 16. Nxg5 Bxg2 17. Kxg2 a6 18. Na3 f4 19. Ne4 Qd5 20. f3 fxg3 21. Nc4 gxh2
22. Nb6 Qc6 23. Nxa8 Qxa8 24. Nxc5 Qc6 25. Ne4 Rf4 26. Qb4 Qa8 27. Qc4+ Kh8 28.
Qc8 Rf8 29. Rh1 Qa7 30. Rxh2 Nd7 31. Qc6 Nef6 32. Rah1 a5 33. Rxh7+ Nxh7 34.
Qg6 Ndf6 35. Ng5 Kg8 36. Rxh7 Qe7 37. Kf1 Rc8 38. Rh2 Rc7 39. Qf5 Rc3 40. a4
Rc6 41. Rh1 Qb4 42. Qh3 Kf8 43. Qh8+ Ng8 44. Rg1 g6 45. Nh7+ Kf7 46. Qxe5 Qd6
47. Ng5+ Kf8 48. Qxd6+ Rxd6 49. Ne4 Ra6 50. Nc5 Rc6 51. Nb7 Ne7 52. Rg4 Nf5 53.
Ke1 Ra6 54. Re4 Ra7 55. Nd8 Rd7 56. Nc6 Rc7 57. Re6 Kf7 58. Nd8+ Kg7 59. Kd2
Rc8 60. Nb7 Ne3 61. Nxa5 g5 62. Rc6 Re8 63. Kd3 Nf5 64. Nc4 Re7 65. b4 Ng3 66.
Nd6 Re3+ 67. Kxd4 Ra3 68. e3 Rxa4 69. c3 Ra1 70. Ke5 Re1 71. Nc4 Ne2 72. Rc7+
Kg6 73. Nd2 Rd1 74. Ne4 Rd3 75. Rc6+ Kg7 76. b5 Rxe3 77. b6 Ng1 78. b7 Nxf3+
79. Kf5 Nd4+ 80. cxd4 Rb3 81. Rg6+ Kf8 82. Nc5 Rf3+ 83. Kg4 Kf7 84. b8=Q Kxg6
85. Qg8+ Kh6 86. Kxf3 Kh5 87. Qh7# {Hossa checkmated} 1-0

[Event "ICS Rated blitz match"]
[Site "204.178.125.65"]
[Date "1999.08.23"]
[Round "?"]
[White "Hossa"]
[Black "JudgeTurpin"]
[Result "0-1"]
[WhiteElo "2413"]
[BlackElo "2616"]
[PlyCount "71"]

1. d4 d5 2. c4 c6 3. Nc3 Nf6 4. cxd5 cxd5 5. f3 e6 6. Bg5 h6 7. Bxf6 Qxf6 8. e4
Be7 9. Bb5+ Bd7 10. Bxd7+ Nxd7 11. Nge2 dxe4 12. fxe4 O-O 13. Rc1 Nb6 14. Qb3
Kh8 15. a4 e5 16. d5 Rac8 17. a5 Nc4 18. Qxb7 Bc5 19. Rf1 Qh4+ 20. g3 Qxh2 21.
a6 Qg2 22. b3 Nd6 23. Qd7 Bb4 24. Qe7 Rfe8 25. Qxa7 Rxc3 26. Nxc3 Nxe4 27. Rf2
Qg1+ 28. Ke2 Nxg3+ 29. Kf3 Qxc1 30. Na2 Qf4+ 31. Kg2 Qg4 32. Nxb4 Ne4+ 33. Kf1
Nxf2 34. Qxf7 Rc8 35. Qe6 Rc1+ 36. Kxf2 {Hossa resigns} 0-1